000 00436nam a2200133Ia 4500
008 231129s2001||||xx |||||||||||||| ||spa||
040 _bspa
082 _a378.861 C718b
100 _aColombia. Ministerio de Educación Nacional
245 0 _aBases para una polí­tica de estado en materia de educación superior
260 _c2001
264 _aInstituto Colombiano para el Fomento de la Educación Superior - ICFES
942 _2ddc
_cBKS
999 _c6060
_d6060